Retailing management: a planning approach (Record no. 80204)
[ view plain ]
| 000 -LEADER | |
|---|---|
| fixed length control field | 00936nam a2200193 a 4500 |
| 008 - FIXED-LENGTH DATA ELEMENTS--GENERAL INFORMATION | |
| fixed length control field | 120416s1976 ||||||||||||||||| || u |
| 020 ## - INTERNATIONAL STANDARD BOOK NUMBER | |
| International Standard Book Number | 007051366X |
| 050 ## - LIBRARY OF CONGRESS CALL NUMBER | |
| Classification number | HF 5429 Red |
| 100 ## - MAIN ENTRY--PERSONAL NAME | |
| Personal name | Redinbaugh, Larry D |
| 245 10 - TITLE STATEMENT | |
| Title | Retailing management: a planning approach |
| 260 ## - PUBLICATION, DISTRIBUTION, ETC. | |
| Place of publication, distribution, etc. | New York: |
| Name of publisher, distributor, etc. | McGraw-Hill |
| Date of publication, distribution, etc. | 1976 |
| 300 ## - PHYSICAL DESCRIPTION | |
| Extent | xviii, 429p. |
| 350 ## - | |
| -- | 0.00 |
| 500 ## - GENERAL NOTE | |
| General note | Includes bibliographical references and index. |
| 650 ## - SUBJECT ADDED ENTRY--TOPICAL TERM | |
| Topical term or geographic name entry element | RETAIL TRADE--MANAGEMENT |
| 995 ## - | |
| -- | MAIN LIBRARY OPEN ACCESS |
| -- | 0.00 |
| -- | 004926 |
| -- | CBU-MAIN LIBRARY (Kitwe) |
| -- | 2 |
| -- | 27.00 |
| -- | HF 5429 Red |
| -- | AVAILABLE |
| -- | 004926 |
| -- | Main Library Open Access Collection |
| 995 ## - | |
| -- | MAIN LIBRARY OPEN ACCESS |
| -- | 0.00 |
| -- | 004927 |
| -- | CBU-MAIN LIBRARY (Kitwe) |
| -- | 1 |
| -- | 27.00 |
| -- | HF 5429 Red |
| -- | AVAILABLE |
| -- | 004927 |
| -- | Main Library Open Access Collection |
| 995 ## - | |
| -- | MAIN LIBRARY OPEN ACCESS |
| -- | 0.00 |
| -- | 004928 |
| -- | CBU-MAIN LIBRARY (Kitwe) |
| -- | 3 |
| -- | 27.00 |
| -- | HF 5429 Red |
| -- | AVAILABLE |
| -- | 004928 |
| -- | Main Library Open Access Collection |
| 999 ## - | |
| -- | 80204 |
| -- | 80204 |
| Withdrawn status | Lost status | Source of classification or shelving scheme | Damaged status | Not for loan | Permanent Location | Current Location | Shelving location | Date acquired | Total Checkouts | Full call number | Barcode | Date last seen | Copy number | Price effective from | Koha item type |
|---|---|---|---|---|---|---|---|---|---|---|---|---|---|---|---|
| CBU-MAIN LIBRARY, KITWE. | CBU-MAIN LIBRARY, KITWE. | 06/29/2023 | HF 5429 Red | 004926 | 06/29/2023 | 1 | 06/29/2023 | MONOGRAPH | |||||||
| CBU-MAIN LIBRARY, KITWE. | CBU-MAIN LIBRARY, KITWE. | 06/29/2023 | HF 5429 Red | 004927 | 06/29/2023 | 2 | 06/29/2023 | MONOGRAPH | |||||||
| CBU-MAIN LIBRARY, KITWE. | CBU-MAIN LIBRARY, KITWE. | 06/29/2023 | HF 5429 Red | 004928 | 06/29/2023 | 3 | 06/29/2023 | MONOGRAPH |